000 00662nam a2200277Ia 4500
005 20260324141711.0
008 008 260324s9999 xx 000 0 eng d
020 _a9780203860632
037 _aEBOOK
040 _aCRL
040 _beng
040 _cCRL
041 _2eng
041 _aeng
084 _qCRL
100 _aMichael Oxley; Jaqueline Smith
_91209178
245 0 _aHousing Policy and Rented Housing in Europe
260 _bTaylor and Francis
260 _c1996
365 _a
365 _b300
856 _uhttp://www.taylorfrancis.com/books/9780203860632
942 _cEBOOK
999 _c1812553
_d1812553